The Garden of Eden : the botanic garden and the re-creation of paradise /

Bibliographic Details
Main Author: Prest, John M.
Format: Book
Language:English
Published: New Haven : Yale University Press, 1981.
Subjects:

MARC

Tag First Indicator Second Indicator Subfields
LEADER 00000pam a2200000 a 4500
001 in00000080331
005 20151008060927.0
008 810626s1981 ctua b 00110 eng
010 |a  81011365  
020 |a 0300027265 
035 |a (OCoLC)07597408 
035 |9 AAJ6907AM 
039 0 |a 2  |b 3  |c 3  |d 3  |e 3 
040 |a DLC  |c DLC  |d TXA  |d UtOrBLW 
043 |a e------ 
049 |a TXAM  |c [1673016] 
050 0 0 |a QK73.E85  |b P73 1981 
082 0 |a 712/.5  |2 19 
100 1 |a Prest, John M. 
245 1 4 |a The Garden of Eden :  |b the botanic garden and the re-creation of paradise /  |c John Prest. 
264 1 |a New Haven :  |b Yale University Press,  |c 1981. 
300 |a 121 pages :  |b illustrations (some color) ;  |c 27 cm. 
336 |a text  |b txt  |2 rdacontent 
337 |a unmediated  |b n  |2 rdamedia 
338 |a volume  |b nc  |2 rdacarrier 
500 |a Includes index. 
504 |a Bibliography: pages 114-119. 
650 0 |a Botanical gardens  |z Europe  |x History. 
999 |a MARS 
999 f f |s f3b45d46-b545-3c7e-bdb4-1978438a8371  |i 2bc75d37-1177-350f-afed-709cc87f7b02  |t 0 
952 f f |p ric  |a Texas A&M University  |b Rellis Campus  |c Joint Library Facility  |d Remote Storage  |t 0  |e QK73.E85 P73 1981  |h Library of Congress classification  |i unmediated -- volume  |m A14806218496 
998 f f |a QK73.E85 P73 1981  |t 0  |l Remote Storage